[Event "Open Dutch Championship"]
[Site "Dieren NED"]
[Date "2005.08.04"]
[Round "9"]
[White "Veltman,J"]
[Black "Hilverda,A"]
[Result "1/2-1/2"]
[WhiteElo "2126"]
[BlackElo "2160"]

1.c4 e5 2.g3 Nf6 3.Bg2 d5 4.cxd5 Nxd5 5.Nf3 Nc6 6.O-O Be7 7.d4 exd4 8.Nxd4 Nxd4
9.Qxd4 Nf6 10.Qa4+ c6 11.Nc3 O-O 12.Bf4 Be6 13.Rab1 a5 14.Qc2 Qb6 15.b3 Rfd8
16.e4 Qa6 17.Na4 Qd3 18.Qxd3 Rxd3 19.Rfd1 Rad8 20.Nb2 Rxd1+ 21.Rxd1 Rxd1+
22.Nxd1 a4 23.bxa4 Bxa2 24.a5 Bb4 25.Bc7 Kf8 26.Ne3 g6 27.Kf1 Nd7 28.Ke2 Ke7
29.f4 Nc5 30.e5 Nb3 31.Nc4 Nc1+ 32.Kd1 Bxc4 33.Kxc1 Bd5 34.Bf1 Kd7 35.Bb6 c5
36.a6 bxa6 37.Bxa6 Kc6 38.Bd8 Be1 39.g4 Be6 40.h3 Kd5 41.Bd3 Kd4 42.Bc2 Bd5
43.Bf6 Ke3 44.f5 Bc3 45.fxg6 hxg6 46.h4 Kf4 47.h5 gxh5 48.gxh5 Bxe5 49.Be7 Bg7
50.Bxc5 Bf3 51.Bb3 Bxh5 52.Bxf7 Bxf7  1/2-1/2

[Event "ch-POR"]
[Site "Vila Real POR"]
[Date "2005.08.04"]
[Round "2"]
[White "Pinheiro,J"]
[Black "Damaso,R"]
[Result "0-1"]
[WhiteElo "2362"]
[BlackElo "2432"]

1.c4 e5 2.g3 Nf6 3.Bg2 Bc5 4.Nc3 O-O 5.Nf3 d6 6.O-O Nc6 7.d3 h6 8.Na4 a5
9.Nxc5 dxc5 10.Be3 Qe7 11.Nd2 Nd4 12.f3 Be6 13.Ne4 Nxe4 14.fxe4 Qd7 15.Qd2 Ra6
16.Rf2 a4 17.Qc3 Rd6 18.Bxd4 cxd4 19.Qa5 f6 20.Rc1 Ra6 21.Qb4 Rc8 22.Rc2 c5
23.Qa3 Kf7 24.Rf1 b5 25.cxb5 Qxb5 26.Rfc1 Rac6 27.Bf1 c4 28.e3 cxd3 29.Qxd3 Qxd3
30.Bxd3 Rxc2 31.Rxc2 Rd8 32.Kf2 Bxa2 33.Bc4+ Bxc4 34.Rxc4 d3 35.Ke1 Rb8 36.Rc7+ Kg6
37.Kf2 Rxb2+ 38.Kf3 a3  0-1

[Event "XIII Adolfo Pedrido Mem"]
[Site "Vilagarcia de Arousa ESP"]
[Date "2005.08.06"]
[Round "6"]
[White "Perez Fungueiro,M"]
[Black "Campos Calvo Sotelo,Ja"]
[Result "1-0"]
[WhiteElo "2300"]
[BlackElo "2117"]

1.c4 e5 2.g3 Nc6 3.Bg2 g6 4.Nc3 Bg7 5.e4 d6 6.Nge2 Nge7 7.d3 O-O 8.O-O Be6
9.Nd5 Qd7 10.Be3 f5 11.Qd2 Rf7 12.f3 Rb8 13.Nxe7+ Qxe7 14.exf5 gxf5 15.f4 Kh8
16.Rae1 Qd7 17.b3 Rg8 18.d4 exd4 19.Nxd4 Nxd4 20.Bxd4 b6 21.Re3 Re8 22.Rfe1 Rff8
23.Qb2 Bxd4 24.Qxd4+ Kg8 25.Rxe6 Rxe6 26.Bd5 Re8 27.Rxe6 Rxe6 28.Qf6  1-0

[Event "HZ Open"]
[Site "Vlissingen NED"]
[Date "2005.08.07"]
[Round "2"]
[White "Kern,G"]
[Black "Todts,B"]
[Result "1-0"]
[WhiteElo "2343"]
[BlackElo "2059"]

1.c4 e5 2.g3 f5 3.d4 Nc6 4.dxe5 Nxe5 5.Qd4 Nc6 6.Qe3+ Be7 7.Nc3 Nf6 8.Bg2 O-O
9.Nh3 Bb4 10.O-O Ne7 11.a3 Bxc3 12.Qxc3 d5 13.Rd1 c6 14.b4 a5 15.Rb1 axb4
16.axb4 Qe8 17.Bb2 Qf7 18.c5 h6 19.Nf4 g5 20.Nd3 Ng6 21.e3 Bd7 22.Ra1 Rae8
23.Ra7 Ng4 24.Rxb7 N4e5 25.Nxe5 Nxe5 26.f4 Ng6 27.b5 Re7 28.Rxd7 Rxd7 29.bxc6 d4
30.Rxd4 Rxd4 31.Qxd4 Kh7 32.Qd7 gxf4 33.Bd5 Qe7 34.exf4 Rd8 35.Qxe7+ Nxe7
36.Bf6 Rxd5 37.Bxe7 Rd1+ 38.Kf2 Ra1 39.c7 Ra8 40.Ke3 Kg6 41.Kd4 Kf7 42.Kd5 Kxe7
43.Kc6 Rg8 44.Kb7 Kd7 45.c6+ Kd6 46.c8=Q Rxc8 47.Kxc8 Kxc6 48.Kd8 Kd6 49.Ke8 Ke6
50.Kf8 Kf6 51.Kg8 Kg6 52.Kh8 h5 53.Kg8 h4 54.gxh4 Kh5 55.Kg7 Kxh4 56.Kf6 Kg4
57.Ke5  1-0

[Event "HZ Open"]
[Site "Vlissingen NED"]
[Date "2005.08.07"]
[Round "2"]
[White "Landa,K"]
[Black "Van Weersel,A"]
[Result "1-0"]
[WhiteElo "2609"]
[BlackElo "2173"]

1.c4 e5 2.g3 c6 3.d4 e4 4.Nc3 Bb4 5.Bd2 Bxc3 6.Bxc3 d5 7.Qb3 Nf6 8.cxd5 Qxd5
9.e3 Qxb3 10.axb3 O-O 11.Bb4 Re8 12.Bd6 Nbd7 13.Ne2 Nb6 14.Nc3 Be6 15.Ra3 Nbd5
16.Bc4 Nb6 17.Bxe6 Rxe6 18.Be5 Nbd7 19.Bxf6 Nxf6 20.Ra5 a6 21.Ke2 Rd8 22.Re5 Rde8
23.Ra5 Rd8 24.Rc1 Kf8 25.h3 h6 26.Re5 Rde8 27.Rf5 g6 28.Ra5 Rd8 29.Re5 Rde8
30.Ra5 Rd8 31.g4 Nd5 32.Nxd5 Rxd5 33.b4 Red6 34.Rcc5 Ke7 35.f3 f5 36.Ra1 Rf6
37.f4 g5 38.fxg5 hxg5 39.gxf5 Rdxf5 40.Rxf5 Rxf5 41.Rg1 Rb5 42.Kd2 Ke6 43.Kc3 Rf5
44.Rg4 Rf3 45.Rxe4+ Kf6 46.Kd3 Rxh3 47.Re8 Kf5 48.Re7 b5 49.Rf7+ Kg4 50.Rf6 Kg3
51.Rxc6 g4 52.d5 Kh2 53.Rc2+ Kh1 54.Rc1+ Kh2 55.Kd4 Rf3 56.d6 Rf2 57.Rd1 g3
58.d7 Rf8 59.Kc5 g2 60.d8=Q  1-0

[Event "FSIMA August"]
[Site "Budapest HUN"]
[Date "2005.08.08"]
[Round "3"]
[White "Bors,T"]
[Black "Malada,V"]
[Result "0-1"]
[WhiteElo "2290"]
[BlackElo "2248"]

1.c4 e5 2.g3 Nf6 3.Bg2 d5 4.cxd5 Nxd5 5.Nf3 Nc6 6.O-O Nb6 7.d3 Be7 8.Nc3 O-O
9.a3 Be6 10.b4 a5 11.b5 Nd4 12.Rb1 f6 13.Nd2 Bd5 14.Nxd5 Nxd5 15.Bb2 a4 16.e3 Nxb5
17.Qc2 c6 18.Nc4 Kh8 19.Rfd1 Bc5 20.Be4 f5 21.Nxe5 Bxa3 22.Bxd5 Qxd5 23.Ba1 Be7
24.Nc4 Qd8 25.Qe2 Bf6 26.d4 Qc7 27.Rdc1 Qd8 28.Qf3 g6 29.Ne5 Qe8 30.Rc5 a3
31.Qf4 Qe7 32.h4 a2 33.Rbc1 Nc7 34.R5c2 Ne6 35.Qf3 Bxe5 36.dxe5 Rfd8 37.Qe2 Qa3
38.Rc3 Qa4 39.Rc4 Qb5 40.Qc2 Qd5 41.h5 Kg7 42.Qb2 Rd7 43.h6+ Kxh6 44.Qb4 g5
45.e4 fxe4 46.Re1 c5 47.Qc3 b5 48.Rcxe4 b4 49.Qc1 Kg6 50.f4 g4 51.f5+ Kxf5
52.Rf4+ Kg6 53.Rxg4+ Kf7 54.Qh6 Rf8 55.Qxh7+ Ke8 56.Qh5+ Kd8 57.Rge4 Kc7
58.Qe2 Qd3 59.Qg2 Rg8 60.R4e3 Qd5 61.Qe2 Rh7 62.Qg2 Qxg2+ 63.Kxg2 Rd7 64.R3e2 Rd3
65.Rxa2 Rdxg3+ 66.Kh1 c4 67.Rc1 c3 68.Bxc3 bxc3  0-1

[Event "ch-IRI Semi-Final"]
[Site "Tehran IRI"]
[Date "2005.08.09"]
[Round "7"]
[White "Mahmoody,M"]
[Black "Sharbaf,M"]
[Result "0-1"]
[WhiteElo "2228"]
[BlackElo "2346"]

1.c4 e5 2.g3 Nc6 3.Bg2 f5 4.d3 Nf6 5.Nc3 Bc5 6.e3 d6 7.Nge2 O-O 8.a3 a5 9.d4 Bb6
10.Rb1 Qe8 11.Nb5 f4 12.exf4 exd4 13.O-O Bg4 14.Re1 Qg6 15.Qb3 Qxb1 16.c5+ Kh8
17.cxb6 Bxe2 18.bxc7 a4 19.Qe6 Bxb5 20.f5 Rfe8 21.Bd2 Qxe1+  0-1

[Event "HZ Open"]
[Site "Vlissingen NED"]
[Date "2005.08.09"]
[Round "4"]
[White "Kern,G"]
[Black "Holscher,P"]
[Result "1/2-1/2"]
[WhiteElo "2343"]
[BlackElo "2061"]

1.c4 e5 2.g3 Nc6 3.Nc3 g6 4.Bg2 Bg7 5.d3 Nge7 6.e4 d6 7.Nge2 O-O 8.Be3 Be6
9.Nd5 Nd4 10.Nxd4 exd4 11.Bg5 f6 12.Bd2 c5 13.Nf4 Bd7 14.b4 Nc6 15.Qb3 Rb8
16.O-O Ne5 17.a4 Rf7 18.Nd5 Bh3 19.f4 Bxg2 20.Kxg2 Nc6 21.Rae1 Qd7 22.bxc5 dxc5
23.Qb5 b6 24.Rb1 Qd6 25.a5 bxa5 26.Qa6 Rxb1 27.Rxb1 Bf8 28.Bxa5 Nxa5 29.Qxa5 Kg7
30.Qb5 Qe6 31.h3 h5 32.Rb2 g5 33.Qb3 Bd6 34.Qd1 gxf4 35.gxf4 Kh6 36.Kh2 Rg7
37.Qf3 Qf7 38.Qf2 Qg6 39.Ra2 Kh7 40.Ra6 Rd7 41.Kh1 Be7 42.Ra1 Bd8 43.Rg1 Qh6
44.Qf3 Rg7 45.Re1 Qg6 46.e5 fxe5 47.fxe5 Rf7 48.Qe2 Qf5 49.Kg2 Bh4 50.Rg1 Qf2+
51.Qxf2 Rxf2+ 52.Kh1 Rf3 53.Rd1 Rxh3+ 54.Kg2 Rg3+ 55.Kh2 Bd8 56.Nf4 Rg4 57.Nd5 Rg7
58.e6 Rb7 59.Re1 Be7 60.Rf1 Bg5  1/2-1/2

[Event "Caissa IM August"]
[Site "Kecskemet HUN"]
[Date "2005.08.10"]
[Round "5"]
[White "Erdelyi,T"]
[Black "Sarosi,Z"]
[Result "1/2-1/2"]
[WhiteElo "2278"]
[BlackElo "2336"]

1.c4 e5 2.g3 c6 3.d4 d6 4.Nc3 Nf6 5.Bg2 Nbd7 6.e4 g6 7.Nge2 Bg7 8.O-O O-O
9.h3 Re8 10.Be3 exd4 11.Nxd4 Nc5 12.Qc2 Qe7 13.Bg5 h6 14.Bxf6 Qxf6 15.Rad1 Ne6
16.Nb3  1/2-1/2

[Event "ch-IRI Semi-Final"]
[Site "Tehran IRI"]
[Date "2005.08.10"]
[Round "8"]
[White "Momeni,E"]
[Black "Soozankar,A"]
[Result "1/2-1/2"]
[WhiteElo "2198"]
[BlackElo "2251"]

1.c4 e5 2.g3 Nc6 3.Bg2 d6 4.Nc3 Be6 5.Nd5 Qd7 6.e3 Nd8 7.b3 c6 8.Nc3 d5 9.cxd5 cxd5
10.d4 e4 11.Nge2 Rc8 12.Bd2 Ba3 13.Rb1 Bd6 14.b4 Ne7 15.Qa4 Qxa4 16.Nxa4 b6
17.O-O Rc2 18.Rb2 Rxb2 19.Nxb2 Kd7 20.Rc1 Nb7 21.f3 f5 22.Nf4 Bxf4 23.gxf4 Nd6
24.a4 Rc8 25.Rxc8 Nexc8 26.b5 exf3 27.Bxf3 Ne4 28.Bxe4 fxe4 29.Bb4 Bg4 30.Kf2 Nd6
31.Bd2 Nc4 32.Nxc4 dxc4 33.Ke1 Ke6 34.Bb4 Kd5 35.Kd2 Bh3 36.Bf8 g6 37.Bg7 Bc8
38.Be5 a6 39.Bc7 axb5 40.axb5 Bd7 41.Bxb6 Bxb5 42.Kc3 Bd7 43.Bd8 h6 44.Kb4 Be8
45.Bh4 Bd7 46.Bf6 h5 47.Bh4 Be8 48.Be1 Bd7 49.Bc3 Be8 50.Ka5 Kc6 51.Ka6 Bd7
52.Ka5 Be8 53.Ka6 Bd7 54.Ka5 Be8 55.Ka6 Bd7 56.Ka5 Be8 57.Kb4 Kd5 58.Ka3  1/2-1/2

[Event "ch-AUT Qualifier"]
[Site "Gmunden AUT"]
[Date "2005.08.13"]
[Round "1"]
[White "Balinov,I"]
[Black "Kirschner,A"]
[Result "1-0"]
[WhiteElo "2388"]
[BlackElo "2202"]

1.c4 e5 2.g3 Nf6 3.Bg2 d5 4.cxd5 Nxd5 5.Nf3 Nc6 6.O-O Be7 7.d4 e4 8.Ne5 Nxe5
9.dxe5 f5 10.exf6 Nxf6 11.Qb3 Qd6 12.Bf4 Qb6 13.Nc3 Qxb3 14.axb3 c6 15.Bxe4 Nxe4
16.Nxe4 Be6 17.Be5 Rg8 18.Nd2 a6 19.Rfd1 Rd8 20.Nc4 Kf7 21.Na5 Bc8 22.Bc7 Rxd1+
23.Rxd1 Re8 24.Nc4 Be6 25.e4 Rc8 26.Be5 b5 27.Nd6+ Bxd6 28.Rxd6 g6 29.b4 Ke7
30.Kg2 Bd7 31.Rd3 Be6 32.Bd6+ Ke8 33.Ra3 Ra8 34.Bc5 Bc4 35.g4 Kd7 36.f4 Kc7
37.Rh3 Bg8 38.Ra3 Bc4 39.f5 Re8 40.Kf3 Kb7 41.Bd6 Rd8 42.e5 Bf7 43.Kf4 Be8
44.Kg5 Rd7 45.Bc5 gxf5 46.gxf5 Rd2 47.Rh3 h5 48.e6 Rd5 49.Kf6  1-0

[Event "ch-AUT w"]
[Site "Gmunden AUT"]
[Date "2005.08.13"]
[Round "3"]
[White "Hapala,M"]
[Black "Kopinits,A"]
[Result "0-1"]
[WhiteElo "1947"]
[BlackElo "2124"]

1.c4 e5 2.g3 Nc6 3.Bg2 g6 4.e3 Bg7 5.Ne2 Nge7 6.Nbc3 O-O 7.d4 exd4 8.exd4 d6
9.Bf4 Re8 10.O-O h6 11.d5 Ne5 12.Bxe5 Bxe5 13.f4 Bg7 14.Nd4 Nf5 15.Nxf5 Bxf5
16.Qd2 Qd7 17.Rae1 a6 18.b4 Rxe1 19.Rxe1 Re8 20.Ne4 Re7 21.Nf2 Rxe1+ 22.Qxe1 Kf8
23.h3 h5 24.Qd2 Bb1 25.Be4 Bxe4 26.Nxe4 Qxh3 27.Qf2 b6 28.c5 bxc5 29.bxc5 Qf5
30.Ng5 Qxd5 31.cxd6 Bd4 32.Nh7+ Kg7 33.dxc7 Bxf2+ 34.Kxf2 Qc5+  0-1

[Event "American Continental"]
[Site "Buenos Aires ARG"]
[Date "2005.08.14"]
[Round "9"]
[White "Sunye Neto,J"]
[Black "Cordova,Em"]
[Result "1/2-1/2"]
[WhiteElo "2530"]
[BlackElo "2422"]

1.c4 e5 2.g3 Nc6 3.Bg2 Nf6 4.Nf3 e4 5.Ng5 d5 6.cxd5 Qxd5 7.d3 Bb4+ 8.Nc3 Qe5
9.Nxe4 Nxe4 10.Bxe4 Bh3 11.Bd2 O-O 12.e3 Rad8 13.Qc2 Qe6 14.Qb3 Qd6 15.a3 Ba5
16.O-O-O a6 17.d4 Bc8 18.Bb1 Bg4 19.Rde1 Bf3 20.Rhg1 b5 21.Qc2 f5 22.g4 Bxc3
23.Bxc3 Be4 24.Qb3+ Bd5 25.Qc2 Be4 26.Qd2 Bxb1 27.Kxb1 f4 28.exf4 Qxf4 29.Qxf4 Rxf4
30.Re6 Nxd4 31.Rxa6 Ne2 32.Re1 Nxc3+ 33.bxc3 Rxf2 34.Rc6  1/2-1/2

[Event "Caissa IM August"]
[Site "Kecskemet HUN"]
[Date "2005.08.14"]
[Round "9"]
[White "Erdelyi,T"]
[Black "Zakharchenko,A"]
[Result "1/2-1/2"]
[WhiteElo "2278"]
[BlackElo "2258"]

1.c4 e5 2.g3 Nf6 3.Bg2 d5 4.cxd5 Nxd5 5.Nc3 Nb6 6.Nf3 Nc6 7.O-O Be7 8.d3 O-O
9.Be3 Re8 10.Na4 Bf8 11.Rc1 Nd5 12.Nc5  1/2-1/2

[Event "FSIMA August"]
[Site "Budapest HUN"]
[Date "2005.08.16"]
[Round "11"]
[White "Bors,T"]
[Black "Jakab,A"]
[Result "1/2-1/2"]
[WhiteElo "2290"]
[BlackElo "2451"]

1.c4 e5 2.g3 Nf6 3.Bg2 Bc5 4.a3 a5 5.e3 O-O 6.d4 exd4 7.exd4 Re8+ 8.Ne2 Bf8
9.Nc3 c6 10.d5 d6 11.O-O c5 12.h3 h6 13.b3 Nh7 14.Bb2 Nd7 15.Qd2 Ndf6 16.f4 h5
17.a4 Bf5 18.Rae1 Qd7 19.Kh2 Re7 20.Ng1 Rae8 21.Nf3 Rxe1 22.Nxe1 Qe7 23.Nc2 g6
24.Re1 Qd7 25.Rxe8 Qxe8 26.Ne3 Bc8 27.Qd3 Bh6 28.Ne4 Nxe4 29.Qxe4 Qxe4 30.Bxe4 h4
31.Ng2 hxg3+ 32.Kxg3 b6 33.h4 Bg7 34.Bxg7 Kxg7 35.Ne3 Nf6 36.Bd3 Nh5+ 37.Kf3 Nf6
38.Kg3 Kh6 39.f5 Nh5+ 40.Kf3 Bd7 41.Bc2 Kg7 42.Bd3 Nf6 43.Kf4 Nh5+ 44.Kf3 Nf6  1/2-1/2

[Event "ch-AUT Qualifier"]
[Site "Gmunden AUT"]
[Date "2005.08.16"]
[Round "4"]
[White "Sulyok,M"]
[Black "Baumgartner,H"]
[Result "1/2-1/2"]
[WhiteElo "2207"]
[BlackElo "2306"]

1.c4 e5 2.g3 Nf6 3.Bg2 c6 4.d4 exd4 5.Qxd4 d5 6.cxd5 cxd5 7.Nf3 Nc6 8.Qa4 Bb4+
9.Bd2 Bxd2+ 10.Nbxd2 O-O 11.O-O Re8 12.e3 Ne4 13.Rad1 Qe7 14.Nb3 Be6 15.Nbd4 Rac8
16.Nxe6 fxe6 17.Nd4 Nxd4 18.Rxd4 Nd6 19.e4 Nxe4 20.Bxe4 dxe4 21.Rxe4  1/2-1/2

[Event "ch-AUT Qualifier"]
[Site "Gmunden AUT"]
[Date "2005.08.17"]
[Round "5"]
[White "Sulyok,M"]
[Black "Steiner,B"]
[Result "1-0"]
[WhiteElo "2207"]
[BlackElo "2287"]

1.c4 e5 2.g3 g6 3.Bg2 Bg7 4.Nc3 c5 5.d3 d6 6.Nf3 Nc6 7.Nd2 Nge7 8.Nf1 Rb8
9.Ne3 Be6 10.Ned5 O-O 11.h4 h6 12.a3 a5 13.Rb1 f5 14.Bd2 f4 15.gxf4 Bg4 16.fxe5 dxe5
17.Nxe7+ Qxe7 18.Bxc6 bxc6 19.Ne4 Rbd8 20.Be3 Rd4 21.f3 Bf5 22.Qa4 Bxe4 23.fxe4 Bf6
24.Bxd4 exd4 25.Qxc6 Bxh4+ 26.Kd1 Kh7 27.Kc2 h5 28.Rbf1 Bf2 29.Rh2 Bg3 30.Rxf8 Qxf8
31.Rg2 Qf4 32.Qxc5 h4 33.Qxd4 g5 34.c5 g4 35.Qd7+ Kh6 36.c6 Be1 37.Rxg4 Qd2+
38.Kb1  1-0

[Event "8th Open"]
[Site "Banyoles ESP"]
[Date "2005.08.20"]
[Round "4"]
[White "Narciso Dublan,M"]
[Black "Vigo Allepuz,D"]
[Result "1-0"]
[WhiteElo "2476"]
[BlackElo "2133"]

1.c4 e5 2.g3 Nc6 3.Bg2 Nf6 4.Nc3 Bb4 5.Nd5 O-O 6.Nxb4 Nxb4 7.d3 d5 8.a3 Nc6
9.cxd5 Nxd5 10.Nf3 h6 11.b4 a6 12.Bb2 Re8 13.Rc1 Nf6 14.O-O Bf5 15.Rxc6 bxc6
16.Nxe5 Bd7 17.Nxc6 Qc8 18.Bxf6 gxf6 19.e3 Bh3 20.Bxh3 Qxh3 21.Qf3  1-0

[Event "ch-AUT Qualifier"]
[Site "Gmunden AUT"]
[Date "2005.08.20"]
[Round "8"]
[White "Steiner,B"]
[Black "Ennsberger,U"]
[Result "1-0"]
[WhiteElo "2287"]
[BlackElo "2280"]

1.c4 e5 2.g3 Nf6 3.Bg2 d5 4.cxd5 Nxd5 5.Nf3 Nc6 6.O-O Be7 7.d4 exd4 8.Nxd4 Nxd4
9.Qxd4 Nf6 10.Qa4+ c6 11.Nc3 O-O 12.e4 Be6 13.h3 Qb6 14.Qc2 Rfd8 15.Be3 Qb4
16.g4 Nd7 17.Rfd1 Ne5 18.b3 g5 19.Ne2 Bf6 20.Ng3 Nd3 21.Nh5 Qe7 22.Rab1 Nb4
23.Qc5 Rxd1+ 24.Rxd1  1-0

[Event "2nd Dato' Arthur Tan Malaysian Open"]
[Site "Kuala Lumpur MAS"]
[Date "2005.08.24"]
[Round "8"]
[White "Noguchi,K"]
[Black "Edwin,L"]
[Result "0-1"]
[WhiteElo "1832"]
[BlackElo "1983"]

1.c4 e5 2.g3 Nc6 3.Bg2 d6 4.Nc3 g6 5.e4 Bg7 6.Nge2 Nge7 7.O-O O-O 8.d3 Kh8
9.Be3 f5 10.f4 fxe4 11.dxe4 Bg4 12.Qd2 Qd7 13.Nd5 exf4 14.gxf4 Bxe2 15.Qxe2 Nd4
16.Bxd4 Bxd4+ 17.Ne3 Nc6 18.Rad1 Qg7 19.Kh1 Bc5 20.b3 a5 21.Rd5 Nd4 22.Qb2 c6
23.Rg5 Ne6 24.Qxg7+ Kxg7 25.Rg3 Rxf4 26.Rd1 Kf7 27.e5 Ke7 28.Ng4 h5 29.exd6+ Bxd6
30.Rgd3 Rd8 31.Ne3 Bc5 32.Rxd8 Nxd8 33.Re1 Kf6 34.Nd1 Bd4 35.Re8 Ne6 36.Bh3 Ng5
37.Rf8+ Ke5 38.Rxf4 Kxf4 39.Bc8 b6 40.Kg2 Ne4 41.Be6 g5 42.Bf7 h4 43.h3 g4
44.hxg4 Kxg4 45.Be6+ Kf4 46.Bc8 Ng5 47.Bb7 h3+ 48.Kh2 c5 49.Bc6 Be5 50.Bb7 Kg4+
51.Kh1 Bd4 52.Bc6 Kg3 53.Bb7 Nf3 54.Bc6 Ng5 55.Bb7 Ne6 56.Bd5 Nf4 57.Bc6 Ne2
58.Bb7 Nc1 59.Bc6 Nxa2 60.Bd7 Nc1 61.Ba4 Kf3  0-1

[Event "2nd Dato' Arthur Tan Malaysian Open"]
[Site "Kuala Lumpur MAS"]
[Date "2005.08.25"]
[Round "10"]
[White "Jones,L"]
[Black "Lomibao,S"]
[Result "1-0"]
[WhiteElo "2189"]
[BlackElo "2126"]

1.c4 e5 2.g3 g6 3.Bg2 Bg7 4.Nc3 Nc6 5.Nf3 d6 6.O-O Be6 7.d3 h6 8.Rb1 Qd7
9.Re1 f5 10.Nd5 g5 11.b4 Nd8 12.b5 c6 13.bxc6 bxc6 14.Ne3 f4 15.Nc2 Ne7 16.Bb2 O-O
17.Na1 Nf7 18.Nb3 h5 19.Na5 Bh3 20.Ba3 Rab8 21.Qa4 h4 22.c5 Bxg2 23.Kxg2 d5
24.Rb4 e4 25.dxe4 Bc3 26.Rxb8 Rxb8 27.Rd1 h3+ 28.Kg1 Bxa5 29.Qxa5 g4 30.Ne1 fxg3
31.hxg3 Ng5 32.Nc2 Nxe4 33.Qb4 Rf8 34.Qxe4 h2+ 35.Kh1 Rxf2 36.Qe3 Rf7 37.Bb2 Rf1+
38.Kxh2 Nf5 39.Qg5+ Kh7 40.Qh5+ Nh6 41.Bc1 Rf6 42.Ne1 Qe6 43.Be3 Kg8 44.Rb1  1-0

[Event "41st Rubinstein Mem Open A"]
[Site "Polanica Zdroj POL"]
[Date "2005.08.28"]
[Round "10"]
[White "Kepeschuk,M"]
[Black "Andrzejewska,E"]
[Result "1-0"]
[WhiteElo "2261"]
[BlackElo "2178"]

1.c4 e5 2.g3 d6 3.Bg2 f5 4.Nf3 Nf6 5.O-O g6 6.Nc3 Bg7 7.d3 O-O 8.Rb1 a5 9.a3 Nc6
10.b4 axb4 11.axb4 h6 12.b5 Ne7 13.Qb3 Kh8 14.Bb2 Be6 15.Ra1 Qd7 16.Ra4 g5
17.Rfa1 Rab8 18.Ra7 Nc8 19.Ra8 Nb6 20.Rxb8 Rxb8 21.Ra7 e4 22.Nd2 exd3 23.exd3 d5
24.cxd5 Nbxd5 25.Nxd5 Bxd5 26.Bxd5 Nxd5 27.Nc4 Bxb2 28.Qxb2+ Qg7 29.Qe2 Qf6
30.Ne5 Qe6 31.Qb2 Kh7 32.Qd4 Nb6 33.Nc6 Ra8 34.Rxb7 Nd5 35.Ra7 Rxa7 36.Qxa7 Qe1+
37.Kg2 Qe2 38.h3 Qxd3 39.b6 Ne3+ 40.Kh2 Nf1+ 41.Kg1  1-0

[Event "BDO Masters"]
[Site "Haarlem NED"]
[Date "2005.09.01"]
[Round "6"]
[White "Abeln,M"]
[Black "Balint,A"]
[Result "1/2-1/2"]
[WhiteElo "2355"]
[BlackElo "2293"]

1.c4 e5 2.g3 g6 3.Bg2 Bg7 4.Nc3 Nc6 5.d3 d6 6.Nf3 Nf6 7.O-O O-O 8.Rb1 a5
9.a3 h6 10.b4 axb4 11.axb4 Be6 12.b5 Ne7 13.Nd2 Rb8 14.Bb2 Qd7 15.Re1 Bh3
16.Bh1 Ng4 17.Ra1 f5 18.Qb3 Kh7 19.Ra7 e4 20.Nd1 Ne5 21.dxe4 f4 22.Nf3 Nc8
23.Ra3 Be6 24.Nxe5 dxe5 25.Qb4 Nd6 26.Rd3 b6 27.Ba3 Qf7 28.Qc3 Bxc4 29.Bxd6 cxd6
30.Rxd6 Bxb5 31.Bf3 Rfc8 32.Qd2 fxg3 33.hxg3 h5 34.Qb2 Qe7 35.Rd2 Bc4 36.Ne3 b5
37.Red1 Rd8 38.Nxc4 bxc4 39.Qc3 Rxd2 40.Rxd2 Rc8 41.e3 Qb7 42.Rc2 Rc5 43.Be2 Qxe4
44.Bxc4 Rc8 45.Bd3  1/2-1/2

[Event "EYg18"]
[Site "Herceg Novi SCG"]
[Date "2005.09.17"]
[Round "4"]
[White "Videnova,I"]
[Black "Padurariu,I"]
[Result "0-1"]
[WhiteElo "2050"]
[BlackElo "2197"]

1.c4 e5 2.g3 g6 3.Bg2 Bg7 4.Nc3 Nc6 5.d3 d6 6.e4 f5 7.Nge2 Nf6 8.O-O O-O
9.Nd5 Be6 10.Rb1 Qd7 11.b4 Rae8 12.b5 Nd8 13.Bg5 c6 14.Nxf6+ Bxf6 15.Bxf6 Rxf6
16.Qa4 f4 17.gxf4 exf4 18.f3 c5 19.Qxa7 g5 20.Kf2 Nf7 21.Qa4 Ne5 22.Qc2 Rh6
23.Rh1 Qf7 24.h3 Rh4 25.a4 Qh5 26.Ng1 g4 27.hxg4 Bxg4 28.Rxh4 Qxh4+ 29.Kf1 Be6
30.Rb3 Kf7 31.Qf2 Qh6 32.Qd2 Rg8 33.Rb2 Ke7 34.Rc2 Qh2 35.Qa5 Nxd3 36.Qc7+ Bd7
37.Qxd7+ Kxd7 38.Bh3+ Qxh3+ 39.Nxh3 Rg3 40.Ng1 Ne5 41.Rh2 Rg7 42.Rc2 b6 43.Kf2 h5
44.Ne2 Nd3+ 45.Kf1 h4 46.Ng1 Ne5 47.Rh2 Nxc4 48.Rxh4 Ne3+ 49.Ke2 Rxg1 50.Rxf4 Nc4
51.Rf7+ Ke6 52.Rb7 Ra1 53.f4 Ra3 54.f5+ Kf6 55.Kf2 Rxa4 56.Kf3 Rb4 57.Rh7 Rxb5
58.Kf4 Rb1 59.Rh6+ Kg7 60.Rg6+ Kf7 61.e5 dxe5+ 62.Ke4 Rd1 63.Rc6 Rd4+ 64.Kf3 Rd6
65.Rc7+ Kf6  0-1

[Event "EYb18"]
[Site "Herceg Novi SCG"]
[Date "2005.09.17"]
[Round "4"]
[White "Jarvinen,R"]
[Black "Eletskikh,A"]
[Result "0-1"]
[WhiteElo "1981"]
[BlackElo "2164"]

1.c4 e5 2.g3 c6 3.d4 Bb4+ 4.Bd2 Bxd2+ 5.Qxd2 d6 6.Nc3 Qe7 7.dxe5 dxe5 8.Ne4 Na6
9.O-O-O Be6 10.Bh3 Nf6 11.Nd6+ Kf8 12.Bxe6 Qxe6 13.Nxb7 Qxc4+ 14.Kb1 Ne4
15.Qd7 Nb4  0-1

[Event "EYb18"]
[Site "Herceg Novi SCG"]
[Date "2005.09.20"]
[Round "6"]
[White "Jarvinen,R"]
[Black "Aleksandrov,M"]
[Result "1-0"]
[WhiteElo "1981"]
[BlackElo "1949"]

1.c4 e5 2.g3 Nf6 3.Bg2 Nc6 4.Nc3 Bc5 5.e3 a5 6.Nge2 Qe7 7.O-O e4 8.Qc2 Nb4
9.Qb1 Nd3 10.Nxe4 Nxc1 11.Rxc1 O-O 12.d4 Ba7 13.N2c3 d6 14.Nxf6+ Qxf6 15.Nd5 Qd8
16.Qd3 c6 17.Nc3 f5 18.a3 g5 19.d5 f4 20.dxc6 f3 21.cxb7 Bxb7 22.Bh3 Qf6
23.Nd5 Qh6 24.Bg4 Rae8 25.Rd1 Re5 26.Bd7 Bxd5 27.cxd5 Bxe3 28.fxe3 f2+ 29.Kg2 Qh5
30.e4 g4 31.Bf5 Qh3+ 32.Kh1 Rf6 33.Qf1 Qh6 34.Rac1 Rfxf5 35.exf5 Rxf5 36.Qe2 Qg5
37.Qe6+ Rf7 38.Rc7  1-0

[Event "Open"]
[Site "Bucharest ROM"]
[Date "2005.09.22"]
[Round "7"]
[White "Grecescu,G"]
[Black "Nevednichy,V"]
[Result "0-1"]
[WhiteElo "2332"]
[BlackElo "2583"]

1.c4 e5 2.g3 Nc6 3.Bg2 Bc5 4.Nc3 a6 5.a3 d6 6.b4 Ba7 7.d3 Nge7 8.e3 O-O 9.Nge2 Bd7
10.O-O Qc8 11.Nd5 Nxd5 12.cxd5 Ne7 13.d4 f6 14.Bb2 Bb6 15.a4 Ng6 16.Qb3 Qe8
17.Rfe1 Kh8 18.Kh1 Rc8 19.a5 Ba7 20.Rac1 Qf7 21.Qd3 Ne7 22.e4 c6 23.f4 cxd5
24.dxe5 Bb5 25.Qd2 fxe5 26.Rxc8 Rxc8 27.exd5 Nf5 28.Nc3 Nxg3+ 29.hxg3 Qh5+
30.Bh3 Bd7 31.Ne4  0-1

[Event "EYb18"]
[Site "Herceg Novi SCG"]
[Date "2005.09.22"]
[Round "8"]
[White "Jarvinen,R"]
[Black "McPhillips,K"]
[Result "0-1"]
[WhiteElo "1981"]
[BlackElo "2225"]

1.c4 e5 2.g3 Nc6 3.Bg2 g6 4.Nc3 Bg7 5.e4 d6 6.Nge2 f5 7.d3 Nf6 8.O-O O-O
9.f4 exf4 10.Nxf4 fxe4 11.Nxe4 Nxe4 12.Bxe4 Bf5 13.Bd5+ Kh8 14.g4 Bd7 15.Be3 Qh4
16.Qd2 Rae8 17.Rf2 Ne5 18.Ng2 Rxf2 19.Qxf2 Qxg4 20.d4 Rf8 21.Qxf8+ Bxf8 22.Rf1 Bg7
23.dxe5 c6 24.Bf3 Qxc4 25.exd6 Bd4 26.Rd1  0-1

[Event "EYg18"]
[Site "Herceg Novi SCG"]
[Date "2005.09.22"]
[Round "8"]
[White "Videnova,I"]
[Black "Vega Gutierrez,S"]
[Result "0-1"]
[WhiteElo "2050"]
[BlackElo "2262"]

1.g3 e5 2.c4 d6 3.Bg2 g6 4.Nc3 Bg7 5.d3 f5 6.e4 Nc6 7.Nge2 Nf6 8.O-O O-O
9.Nd5 Nh5 10.f4 fxe4 11.dxe4 Bg4 12.Qd3 Qd7 13.Rb1 Rf7 14.Be3 Raf8 15.b4 exf4
16.gxf4 Bh3 17.b5 Qg4 18.Rf2 Ne5 19.Qc2 c6 20.Nb4 Bh6 21.Nd3 Bxg2 22.Nxe5 dxe5
23.Rxg2 Qh3 24.Bc5 exf4 25.Bxf8 f3 26.Ng3 Be3+ 27.Kh1 fxg2+ 28.Qxg2 Nxg3+  0-1

[Event "EYb16"]
[Site "Herceg Novi SCG"]
[Date "2005.09.23"]
[Round "9"]
[White "Tereick,B"]
[Black "Larino Nieto,D"]
[Result "1/2-1/2"]
[WhiteElo "2181"]
[BlackElo "2350"]

1.c4 e5 2.g3 Nc6 3.Nc3 g6 4.Bg2 Bg7 5.d3 d6 6.Rb1 f5 7.b4 e4 8.Nd5 Ne5 9.Bb2 c6
10.Ne3 Nf6 11.Nh3 O-O 12.dxe4 Nxe4 13.f4 Ng4 14.Nxg4 fxg4 15.Bxe4 Bxb2 16.Rxb2 gxh3
17.Qd4 Qe7 18.Kf2 Bd7 19.Rd1 Rae8 20.Bf3 g5 21.Qxd6 gxf4 22.Qxd7 fxg3+ 23.hxg3 Qe3+
24.Kf1 Rxf3+ 25.exf3 Qxf3+ 26.Kg1 Qxg3+ 27.Kh1 Qf3+ 28.Kh2 Qf4+ 29.Kh1 Qe4+
30.Kh2 Qf4+ 31.Kh1 Qf3+  1/2-1/2

[Event "EYb16"]
[Site "Herceg Novi SCG"]
[Date "2005.09.23"]
[Round "9"]
[White "Fossum,A"]
[Black "Fragakis,E"]
[Result "1-0"]
[WhiteElo "2017"]
[BlackElo "2100"]

1.c4 e5 2.g3 Nf6 3.Bg2 d5 4.cxd5 Nxd5 5.Nc3 Nb6 6.d3 Be7 7.Nf3 Nc6 8.O-O O-O
9.Nd2 Be6 10.Bxc6 bxc6 11.Nf3 Bd6 12.Ne4 c5 13.Nfg5 Bg4 14.Qc2 Qe7 15.d4 f5
16.dxc5 fxe4 17.cxd6 cxd6 18.Nxe4 Rac8 19.Qb3+ d5 20.f3 Be6 21.Ng5 Bd7 22.Qd3 e4
23.fxe4 Rxf1+ 24.Kxf1 h6 25.exd5 hxg5 26.Be3 Bh3+ 27.Kg1 Rf8 28.Bxb6 Qf6
29.e4 Qxb2  1-0

[Event "Caissa IM September"]
[Site "Kecskemet HUN"]
[Date "2005.09.23"]
[Round "9"]
[White "Jakab,A"]
[Black "Domany,Z"]
[Result "1-0"]
[WhiteElo "2451"]
[BlackElo "2101"]

1.c4 e5 2.g3 f5 3.Bg2 Nc6 4.Nc3 Bb4 5.d3 Bxc3+ 6.bxc3 d6 7.Nf3 Nf6 8.O-O O-O
9.Rb1 Qe8 10.Ne1 Nh5 11.Nc2 f4 12.e3 Qg6 13.exf4 exf4 14.Bf3 fxg3 15.Bxh5 gxh2+
16.Kh1 Qf5 17.Ne3 Qh3 18.f4 g6 19.Bf3 Ne7 20.Rb2 Rxf4 21.Nd5 Rf7 22.Nxe7+ Rxe7
23.Rxh2  1-0

[Event "Autumn 4"]
[Site "Alushta UKR"]
[Date "2005.09.28"]
[Round "5"]
[White "Sergeev,Vl"]
[Black "Shtyrenkov,V"]
[Result "0-1"]
[WhiteElo "2472"]
[BlackElo "2459"]

1.c4 e5 2.g3 Nc6 3.Bg2 f5 4.e3 Nf6 5.Nc3 d6 6.d3 Be7 7.Nge2 O-O 8.O-O Qe8
9.Rb1 Bd8 10.b4 Qh5 11.b5 Ne7 12.f4 Kh8 13.a4 Rb8 14.Qd2 Re8 15.Ba3 b6 16.e4 Ng6
17.Rbe1 Ng4 18.h3 Nf6 19.fxe5 dxe5 20.exf5 Bxf5 21.g4 Bxg4 22.Rxf6 Bxf6 23.hxg4 Qxg4
24.Ne4 Nf4 25.Nxf4 exf4 26.Qe2 Qh4 27.Kf1 Bd4 28.Qf3 a6 29.Bb4 axb5 30.axb5 Ra8
31.Bd2 Be3 32.Rxe3 fxe3 33.Qxe3 Qh2 34.Be1 Rf8+ 35.Nf2 Ra2 36.Bf3 Qg3  0-1